| Tag |
First Indicator |
Second Indicator |
Subfields |
| LEADER |
00000cam a2200000Ia 4500 |
| 001 |
in00002033921 |
| 005 |
20220105142034.0 |
| 006 |
m d |
| 007 |
cr cnu---unuuu |
| 008 |
031121s2000 nyua sb 001 0 eng d |
| 020 |
|
|
|a 0585480311 (electronic bk.)
|
| 035 |
|
|
|a (OCoLC)ocm53482617
|
| 040 |
|
|
|a N$T
|c N$T
|d UtOrBLW
|
| 049 |
|
|
|a IICN
|
| 050 |
1 |
4 |
|a P96.S45
|b M47 2000eb
|
| 082 |
0 |
4 |
|a 306.7
|2 22
|
| 100 |
1 |
|
|a Merck, Mandy.
|0 http://id.loc.gov/authorities/names/n93034253
|
| 245 |
1 |
0 |
|a In your face :
|b 9 sexual studies /
|c Mandy Merck.
|
| 264 |
|
1 |
|a New York :
|b New York University Press,
|c [2000]
|
| 264 |
|
4 |
|c ©2000
|
| 300 |
|
|
|a viii, 245 pages :
|b illustrations
|
| 336 |
|
|
|a text
|b txt
|2 rdacontent
|
| 337 |
|
|
|a computer
|b c
|2 rdamedia
|
| 338 |
|
|
|a online resource
|b cr
|2 rdacarrier
|
| 490 |
1 |
|
|a Sexual cultures
|
| 504 |
|
|
|a Includes bibliographical references (pages 201-234) and index.
|
| 533 |
|
|
|a Electronic reproduction.
|b Boulder, Colo. :
|c NetLibrary,
|d 2003.
|n Available via World Wide Web.
|n Access may be limited to NetLibrary affiliated libraries.
|
| 500 |
|
|
|a Electronic resource.
|
| 650 |
|
0 |
|a Sex in mass media.
|0 http://id.loc.gov/authorities/subjects/sh85120620
|
| 650 |
|
0 |
|a Sex in popular culture.
|0 http://id.loc.gov/authorities/subjects/sh91005274
|
| 655 |
|
7 |
|a Electronic books.
|2 local
|
| 710 |
2 |
|
|a NetLibrary, Inc.
|0 http://id.loc.gov/authorities/names/no99080690
|
| 776 |
1 |
|
|c Original
|z 0814756387
|z 0814756395
|w (DLC) 00056253
|w (OCoLC)44461995
|
| 830 |
|
0 |
|a Sexual cultures.
|0 http://id.loc.gov/authorities/names/n99002051
|
| 856 |
4 |
1 |
|u https://proxy.library.tamu.edu/login?url=http://www.netLibrary.com/urlapi.asp?action=summary&v=1&bookid=100419
|z Connect to the full text of this electronic book
|t 0
|
| 994 |
|
|
|a 92
|b IIC
|
| 999 |
|
|
|a MARS
|
| 999 |
f |
f |
|s 61406315-ee03-3955-ab1b-6729fc9227e3
|i d15a8078-f5f9-3377-8cf7-a95474cd087f
|t 0
|
| 952 |
f |
f |
|a Texas A&M University
|b College Station
|c Electronic Resources
|d Available Online
|t 0
|e P96.S45 M47 2000eb
|h Library of Congress classification
|
| 998 |
f |
f |
|a P96.S45 M47 2000eb
|t 0
|l Available Online
|